Strategic management: concepts and cases / (Record no. 2601)

MARC details
000 -LEADER
fixed length control field 00687nam a2200217 4500
003 - CONTROL NUMBER IDENTIFIER
control field OSt
005 - DATE AND TIME OF LATEST TRANSACTION
control field 20240723060229.0
008 - FIXED-LENGTH DATA ELEMENTS--GENERAL INFORMATION
fixed length control field 240723b |||||||| |||| 00| 0 eng d
020 ## - INTERNATIONAL STANDARD BOOK NUMBER
International Standard Book Number 9789810697013
040 ## - CATALOGING SOURCE
Original cataloging agency DWCL-Main lib.
Transcribing agency OC
082 ## - DEWEY DECIMAL CLASSIFICATION NUMBER
Edition number Twelfth edition
Classification number Circ. 658.4012 D251s 2009
006 - FIXED-LENGTH DATA ELEMENTS--ADDITIONAL MATERIAL CHARACTERISTICS
fixed length control field a
100 ## - MAIN ENTRY--PERSONAL NAME
Personal name David, Fred R.
245 ## - TITLE STATEMENT
Title Strategic management: concepts and cases /
250 ## - EDITION STATEMENT
Edition statement Twelfth edition
260 ## - PUBLICATION, DISTRIBUTION, ETC.
Place of publication, distribution, etc. Singapore:
Name of publisher, distributor, etc. Pearson Education South Asia Pte Lts.,
Date of publication, distribution, etc. c2009
300 ## - PHYSICAL DESCRIPTION
Other physical details 326 p. : ill. ;
Dimensions 26 cm.
504 ## - BIBLIOGRAPHY, ETC. NOTE
Bibliography, etc. note Includes bibliographical references & index.
650 ## - SUBJECT ADDED ENTRY--TOPICAL TERM
Topical term or geographic name entry element 1. Strategic planning.
942 ## - ADDED ENTRY ELEMENTS (KOHA)
Source of classification or shelving scheme Dewey Decimal Classification
Suppress in OPAC No
Koha item type Book Circulation
Edition Twelfth edition
Call number prefix Circ.
Holdings
Withdrawn status Lost status Source of classification or shelving scheme Damaged status Not for loan Home library Current library Date acquired Source of acquisition Total Checkouts Full call number Barcode Date last seen Copy number Price effective from Koha item type Uniform Resource Identifier
    Dewey Decimal Classification     College Library College Library 07/28/2010 School Fund   Circ. 658.4012 D251s 2009 47606 07/23/2024 c1 07/23/2024 Book Circulation
    Dewey Decimal Classification     College Library College Library 07/28/2010 School Fund   Circ. 658.4012 D251s 2009 47607 07/23/2024 c2 07/23/2024 Book Circulation